01262nam a2200301 i 4500003000900000005001700009007000300026008004100029020001800070040003000088041000800118082001900126100003200145245017000177264003500347300002800382336002700410337003300437338002800470490002200498500006400520504003900584546017300623651005700796651004200853651004000895651002500935DO-SdBNP20250203134916.0ta240321s2021 dr 000 0 fre d a9789997000187 aDO-SdBNPbspacBNPHUerda17afre 1axxxbA381p2221 aAlexandre, Guyeautor4aut.10aPour Haïti. Pour la République Dominicaine :binterventions, positions et propositions pour une gestion responsable des relations bilatérales /cGuy Alexandre. 1aHaïti :bC3 editions,c2013. a333 páginas ;c22 cm. atextobtxt2rdacontent asin mediaciónbn2rdamedia avolumenbnc2rdacarrier1 aColección Bohio aIncluye datos biografícos del autor en la contraportada.  aBibliografía : páginas 331-333 aTitulo en español: Para Haití. Para la república dominicana: Intervenciones, posiciones y propuestas para una gestión responsable de las relaciones bilaterales. 4aRepública DominicanaxEmigración E Inmigración 4aHaitíxEmigración E Inmigración 4aRepública DominicanaxPoblación 4aHaitíxPoblación